[Event "Hamburg-chT Landesliga 1718"]
[Site "Hamburg"]
[Date "2018.04.22"]
[Round "9.6"]
[White "Bruening, Ulf Simeon"]
[Black "Weidmann, Kevin"]
[Result "1-0"]
[WhiteElo "1970"]
[BlackElo "2004"]
[PlyCount "111"]
[EventDate "2017.10.08"]
[EventType "team-tourn"]
[EventRounds "9"]
[EventCountry "GER"]
[SourceTitle "EXT 2021"]
[Source "ChessBase"]
[SourceDate "2020.10.23"]
[SourceVersion "1"]
[SourceVersionDate "2020.10.23"]
[SourceQuality "1"]
[WhiteTeam "Johanneum Eppendorf II"]
[BlackTeam "Hamburger SK IV"]
[WhiteTeamCountry "GER"]
[BlackTeamCountry "GER"]

1. d4 Nf6 2. c4 e6 3. g3 Bb4+ 4. Bd2 a5 5. Bg2 Nc6 6. Nf3 0-0 7. Nc3 d6 8. 0-0 e5 9. d5 Ne7 10. Ne1 Ng6 11. Nd3 Bxc3 12. Bxc3 h6 13. e4 Nh7 14. Qd2 b6 15. b3 f5 16. f4 exf4 17. Nxf4 Nxf4 18. Rxf4 Qg5 19. e5 dxe5 20. Bxe5 Qe7 21. Re1 Re8 22. Rff1 Bb7 23. Rxf5 Nf6 24. Rff1 Ng4 25. Bd4 Qd6 26. Qc3 Qg6 27. Rxe8+ Rxe8 28. h3 Nf6 29. Bxf6 gxf6 30. Qxf6 Qxf6 31. Rxf6 Re2 32. Rf2 Re1+ 33. Bf1 c6 34. Re2 Rxe2 35. Bxe2 cxd5 36. cxd5 Kg7 37. Bf3 Kf6 38. Kf2 Ke5 39. Ke3 Bc8 40. h4 Bd7 41. a3 Bf5 42. b4 axb4 43. axb4 Bg6 44. g4 Bf7 45. Be4 Be8 46. g5 hxg5 47. hxg5 Ba4 48. g6 Kf6 49. Kf4 Bd7 50. d6 b5 51. Bd3 Bc6 52. Bf5 Bd5 53. d7 Ke7 54. Ke5 Bc4 55. Be6 Bxe6 56. d8Q+ 1-0

[Event "Oberliga Ost-A 1112"]
[Site "Germany"]
[Date "2011.12.11"]
[Round "5.8"]
[White "Bruening, Ulf Simeon"]
[Black "Poenisch, Egmont"]
[Result "0-1"]
[WhiteElo "1982"]
[BlackElo "2111"]
[PlyCount "64"]
[EventDate "2011.09.25"]
[EventType "team-tourn"]
[EventRounds "11"]
[EventCountry "GER"]
[SourceTitle "EXT 2013"]
[Source "ChessBase"]
[SourceDate "2012.11.22"]
[SourceVersion "1"]
[SourceVersionDate "2012.11.22"]
[SourceQuality "1"]
[WhiteTeam "Sangerhausen"]
[BlackTeam "Coswig"]
[WhiteTeamCountry "GER"]
[BlackTeamCountry "GER"]

1. d4 c6 2. c4 Nf6 3. Nc3 d5 4. Nf3 g6 5. e3 Bg7 6. Be2 0-0 7. 0-0 Re8 8. b3 Bg4 9. Bb2 e6 10. h3 Bxf3 11. Bxf3 Nbd7 12. cxd5 exd5 13. b4 a6 14. a4 b5 15. Qb3 Nb6 16. Rfd1 Qe7 17. Bc1 Bf8 18. Rb1 Rab8 19. axb5 axb5 20. Bd2 Ra8 21. Be1 Nc4 22. Be2 Ra3 23. Bxc4 Rxb3 24. Bxb3 Ra8 25. Na2 Ne4 26. Nc1 Ra3 27. Nd3 Nd6 28. Nc5 Qa7 29. Bc3 Ne4 30. Bb2 Bxc5 31. Ra1 Bxb4 32. Bxa3 Bxa3 0-1

[Event "Oberliga Ost-A 1112"]
[Site "Germany"]
[Date "2011.10.23"]
[Round "3.8"]
[White "Bruening, Ulf Simeon"]
[Black "Sonntag, Hermann"]
[Result "1/2-1/2"]
[WhiteElo "1982"]
[BlackElo "2109"]
[PlyCount "34"]
[EventDate "2011.09.25"]
[EventType "team-tourn"]
[EventRounds "11"]
[EventCountry "GER"]
[SourceTitle "EXT 2013"]
[Source "ChessBase"]
[SourceDate "2012.11.22"]
[SourceVersion "1"]
[SourceVersionDate "2012.11.22"]
[SourceQuality "1"]
[WhiteTeam "Sangerhausen"]
[BlackTeam "Leipzig SG II"]
[WhiteTeamCountry "GER"]
[BlackTeamCountry "GER"]

1. d4 d5 2. c4 e6 3. Nc3 f5 4. e3 Nf6 5. Bd3 c6 6. Nge2 Bd6 7. Qc2 Ne4 8. 0-0 0-0 9. f3 Nxc3 10. bxc3 Qh4 11. g3 Qe7 12. Bd2 b6 13. cxd5 cxd5 14. c4 dxc4 15. Bxc4 Ba6 16. Qd3 Bxc4 17. Qxc4 Nd7 1/2-1/2

[Event "Oberliga Ost-A 1011"]
[Site "Germany"]
[Date "2010.12.12"]
[Round "4.7"]
[White "Mader, Joerg"]
[Black "Bruening, Ulf Simeon"]
[Result "1-0"]
[WhiteElo "2054"]
[BlackElo "1982"]
[PlyCount "73"]
[EventDate "2010.10.24"]
[EventType "team-tourn"]
[EventRounds "11"]
[EventCountry "GER"]
[SourceTitle "EXT 2012"]
[Source "ChessBase"]
[SourceDate "2011.11.24"]
[SourceVersion "1"]
[SourceVersionDate "2011.11.24"]
[SourceQuality "1"]
[WhiteTeam "Leipzig VfB"]
[BlackTeam "Sangerhausen"]
[WhiteTeamCountry "GER"]
[BlackTeamCountry "GER"]

1. d4 Nf6 2. c4 c5 3. d5 e6 4. Nc3 exd5 5. cxd5 d6 6. e4 g6 7. f4 Bg7 8. Nf3 0-0 9. Bd3 a6 10. a4 Bg4 11. 0-0 Qc7 12. h3 Bxf3 13. Qxf3 Nbd7 14. g4 c4 15. Be2 b5 16. g5 Nh5 17. axb5 axb5 18. Rxa8 Rxa8 19. Qf2 Rb8 20. f5 b4 21. fxg6 fxg6 22. Nb5 Qc5 23. Qxc5 dxc5 24. Bxc4 Ne5 25. b3 Ng3 26. Re1 Nf3+ 27. Kg2 Nxe1+ 28. Kxg3 Be5+ 29. Bf4 Bxf4+ 30. Kxf4 Ng2+ 31. Kf3 Ne1+ 32. Ke2 Nc2 33. Kd3 Na3 34. d6+ Kf8 35. Nc7 Rb6 36. e5 Nb1 37. d7 1-0

[Event "Oberliga Ost-A 0910"]
[Site "Germany"]
[Date "2009.11.14"]
[Round "2.7"]
[White "Kuna, Ralf Michael"]
[Black "Bruening, Ulf Simeon"]
[Result "1-0"]
[WhiteElo "2117"]
[BlackElo "1977"]
[PlyCount "85"]
[EventDate "2009.10.18"]
[EventType "team-tourn"]
[EventRounds "11"]
[EventCountry "GER"]
[SourceTitle "EXT 2011"]
[Source "ChessBase"]
[SourceDate "2010.11.26"]
[SourceVersion "1"]
[SourceVersionDate "2010.11.26"]
[SourceQuality "1"]
[WhiteTeam "Magdeburg Rochade"]
[BlackTeam "Sangerhausen"]
[WhiteTeamCountry "GER"]
[BlackTeamCountry "GER"]

1. e4 e6 2. d4 d5 3. exd5 exd5 4. Nf3 Bd6 5. c4 c6 6. Nc3 Ne7 7. Bg5 f6 8. Be3 Be6 9. c5 Bc7 10. Bd3 Nd7 11. 0-0 Nf8 12. b4 Qd7 13. a4 g5 14. Ne1 Nfg6 15. Ne2 Bf5 16. Qd2 h5 17. f4 g4 18. Ng3 Nh4 19. Nxf5 Nhxf5 20. Nc2 Kf7 21. Qc3 Rhg8 22. g3 Rg7 23. Kg2 h4 24. Bg1 h3+ 25. Kh1 Rgg8 26. Ne3 Nxe3 27. Bxe3 Nf5 28. Rae1 Nxe3 29. Rxe3 f5 30. Qc2 Kf6 31. Kg1 Rae8 32. Re5 Bxe5 33. fxe5+ Ke7 34. Bxf5 Qc7 35. Qe2 Kd8 36. Bxg4 Rh8 37. Rf6 Re7 38. Rd6+ Ke8 39. Bh5+ Kf8 40. Qf3+ Kg8 41. Qg4+ Rg7 42. Qe6+ Kh7 43. Bg6+ 1-0

[Event "Oberliga Ost-A 0809"]
[Site "Germany"]
[Date "2008.10.12"]
[Round "1.7"]
[White "Bruening, Ulf Simeon"]
[Black "Kloss, Thomas"]
[Result "0-1"]
[WhiteElo "1965"]
[BlackElo "2073"]
[PlyCount "70"]
[EventDate "2008.10.12"]
[EventType "team-tourn"]
[EventRounds "11"]
[EventCountry "GER"]
[SourceTitle "EXT 2010"]
[Source "ChessBase"]
[SourceDate "2010.11.25"]
[SourceVersion "1"]
[SourceVersionDate "2010.11.25"]
[SourceQuality "1"]
[WhiteTeam "Sangerhausen"]
[BlackTeam "Jena Jenapharm"]
[WhiteTeamCountry "GER"]
[BlackTeamCountry "GER"]

1. d4 Nf6 2. c4 e6 3. Nf3 b6 4. a3 Bb7 5. Nc3 d5 6. cxd5 Nxd5 7. Bd2 Be7 8. Qc2 0-0 9. e4 Nxc3 10. Bxc3 Nd7 11. Bd3 c5 12. Rd1 cxd4 13. Bxd4 Qc8 14. 0-0 Qxc2 15. Bxc2 Rfd8 16. Rfe1 Rac8 17. Bb1 Nc5 18. h3 h6 19. Rc1 Ba6 20. Rcd1 Bb7 21. b4 Nb3 22. Bb2 a5 23. bxa5 bxa5 24. Rxd8+ Rxd8 25. Bc2 Nd2 26. Nd4 Nc4 27. Ba1 Bxa3 28. Nb5 Bb4 29. Rf1 Rd2 30. Bb3 Nb2 31. Rb1 Nd3 32. Bc3 Bxc3 33. Nxc3 Nc5 34. f3 Rd3 35. Bd5 exd5 0-1

[Event "Bargteheide op"]
[Site "Bargteheide"]
[Date "2008.05.01"]
[Round "1"]
[White "Salov, Sergej"]
[Black "Bruening, Ulf Simeon"]
[Result "1-0"]
[WhiteElo "2274"]
[BlackElo "1973"]
[PlyCount "59"]
[EventDate "2008.05.01"]
[EventType "swiss"]
[EventRounds "7"]
[EventCountry "GER"]
[SourceTitle "CBM 124 Extra"]
[Source "ChessBase"]
[SourceDate "2008.07.03"]
[SourceVersion "1"]
[SourceVersionDate "2008.07.03"]
[SourceQuality "1"]

1. e4 e6 2. d4 d5 3. Nd2 Be7 4. Ngf3 Nf6 5. e5 Nfd7 6. Bd3 c5 7. c3 Nc6 8. 0-0 Qb6 9. dxc5 Nxc5 10. Bc2 Qc7 11. Re1 b5 12. Nb3 Nxb3 13. axb3 Bd7 14. b4 Rc8 15. Bd3 a5 16. bxa5 Nxa5 17. Bg5 h6 18. Bxe7 Kxe7 19. Nd4 Qb6 20. Qg4 Kf8 21. Nxe6+ fxe6 22. Qb4+ Kf7 23. Qxa5 Rb8 24. Qb4 Rhf8 25. Re3 Kg8 26. Qg4 Rf7 27. Bg6 Rff8 28. Rf1 b4 29. Rg3 Qc5 30. Bh7+ 1-0

[Event "Wichern op 5th"]
[Site "Hamburg"]
[Date "1999.10.22"]
[Round "9"]
[White "Harms, Peter"]
[Black "Bruening, Ulf Simeon"]
[Result "1-0"]
[WhiteElo "1669"]
[BlackElo "891"]
[PlyCount "135"]
[EventDate "1999.10.15"]
[EventType "swiss"]
[EventRounds "9"]
[EventCountry "GER"]
[SourceTitle "EXT 2001"]
[Source "ChessBase"]
[SourceDate "2000.11.22"]
[SourceVersion "1"]
[SourceVersionDate "2000.11.22"]
[SourceQuality "1"]

1. d4 Nf6 2. c4 g6 3. Nc3 Bg7 4. e4 d6 5. Nf3 0-0 6. Be2 Nbd7 7. 0-0 e5 8. dxe5 dxe5 9. Bg5 c6 10. Qc2 Qc7 11. Rad1 Nc5 12. b4 Ne6 13. Bh4 h6 14. Rd2 Nf4 15. Rfd1 Be6 16. Bf1 g5 17. Bg3 N6h5 18. Bxf4 Nxf4 19. g3 Bg4 20. Bg2 Nxg2 21. Kxg2 Be6 22. Na4 b6 23. c5 b5 24. Nc3 Rfd8 25. a3 Bf6 26. Ne1 Be7 27. Rxd8+ Rxd8 28. Rxd8+ Bxd8 29. Qd3 Qd7 30. f3 f5 31. Qxd7 Bxd7 32. Nd3 Bc7 33. Nf2 h5 34. exf5 Bxf5 35. Nce4 g4 36. fxg4 hxg4 37. Nf6+ Kg7 38. N6xg4 Kg6 39. Kf3 Kg5 40. Ne3 Be6 41. Ke4 a6 42. Nd3 Kf6 43. h4 Bg8 44. Ng4+ Ke6 45. Ngxe5 Bh7+ 46. Kd4 Bxd3 47. Nxd3 Bxg3 48. h5 Bh4 49. Ke4 Bg5 50. Nf4+ Ke7 51. Ng6+ Kd7 52. Ne5+ Kc7 53. Nd3 Kd7 54. Kf5 Be3 55. Kf6 Bd2 56. Kg6 Bc3 57. h6 Ke7 58. h7 Bd4 59. Nf4 Bh8 60. Nh5 Kf8 61. Nf6 Ke7 62. Ng8+ Ke6 63. Nh6 Ke7 64. Nf7 Bf6 65. h8Q Bxh8 66. Nxh8 Ke6 67. Nf7 Kd5 68. Nd8 1-0